000 00716nam a2200253Ia 4500
003 OSt
005 20220926013335.0
006 a|||||r|||| 00| 0
007 ta
008 220923b |||||||| |||| 00| 0 eng d
020 _a030854067
037 _cGeneral Book
040 _aRTL
_cRTL
_beng
041 _2eng
_aeng
082 _aB, L1
100 _aCross Herbert I
_9318132
245 0 _aMathematics
_b A chronicle of human endeavor.
260 _aNew York
_bHolt Rinehart and Winston
_c1971
300 _axiii, 367p
_ccm.
650 _aMathematics
_92141
700 _a Miller Frank L
_9318133
942 _hB, L1
_cGB
_2CC
999 _c625759
_d625759